| 000 | 00971cam a22002531i 4500 | ||
|---|---|---|---|
| 003 | SA-RiAUC | ||
| 005 | 20250813041017.0 | ||
| 008 | 250810s2013 su g 00010cara c | ||
| 020 | _a9786038058992 | ||
| 040 |
_aSA-MaUQU _bara _cSA-RiAUC. _erda |
||
| 082 | 0 | 4 |
_a920.5 _qSA-RiAUC |
| 090 |
_a920.5 _bق ش ع |
||
| 100 | 1 |
_aالقشعمي، محمد بن عبد الرزاق بن محمد، _d1361 هجري- _eمؤلف. |
|
| 245 | 1 | 0 |
_aبداياتهم مع الكتابة / _cمحمد عبد الرزاق بن محمد القشعمي. |
| 250 | _aالطبعة الأولى. | ||
| 264 | 1 |
_aالرياض : _bدار المفردات للنشر والتوزيع، _c2014. |
|
| 300 |
_a511 صفحة ؛ _c24 سم |
||
| 336 |
_aنص _btxt _2rdacontent _3كتاب |
||
| 337 |
_aبدون وسيط _bn _2rdamedia |
||
| 338 |
_aمجلد _bnc _2rdacarrier |
||
| 650 | 7 |
_aالصحفيون _vتراجم _2aucsh |
|
| 942 |
_2ddc _cBOOK _n0 |
||
| 949 |
_aSA-JeALM _d250810 _umohamedma123 _n1 |
||
| 999 |
_c10767 _d10767 |
||